Prinesie váženie odpadov nové čierne skládky?

Od 1. 1. 2023 nastáva zmena ohľadom poplatkov za ukladanie komunálnych odpadov na skládky. Náklady budú niesť iba občania. Samosprávy nebudú spolufinancovať náklady, súvisiace s ukladaním odadov na skládky.

Gespeichert in:
Bibliographische Detailangaben
1. Verfasser: Mátel, František
Format: Buchkapitel
Sprache:Slowakisch
Schlagworte:
Tags: Tag hinzufügen
Keine Tags, Fügen Sie das erste Tag hinzu!

MARC

LEADER 00000naa a2200000 4500
001 0288054
005 20240417075214.9
041 0 |a slo 
044 |a SK 
245 1 0 |a Prinesie váženie odpadov nové čierne skládky?  |c František Mátel 
520 |a Od 1. 1. 2023 nastáva zmena ohľadom poplatkov za ukladanie komunálnych odpadov na skládky. Náklady budú niesť iba občania. Samosprávy nebudú spolufinancovať náklady, súvisiace s ukladaním odadov na skládky. 
610 2 0 |a odpad 
610 2 0 |a odpad komunálny 
610 2 0 |a skládky odpadu 
610 2 0 |a občania 
610 2 0 |a samospráva 
610 2 0 |a samospráva miestna 
610 2 0 |a poplatky 
100 1 |a Mátel, František